000 00419nam a2200193Ia 4500
008 210210b1938 xxu||||| |||| 00| 0 eng d
041 _aeng
082 _a320/421
100 _aNAIR (L R)
245 _aHow India is governed
260 _a
_bNot Mentioned
_c1938
650 _ais
650 _aIndia
650 _aHow
650 _agoverned
690 _aPolitical Science
700 _aP N
906 _a003066
999 _c118399
_d118399